| 000 | 00664nam a2200229 a 4500 | ||
|---|---|---|---|
| 001 | BRCA_7711 | ||
| 005 | 20190320205946.0 | ||
| 008 | 300813s1948----enka######---#000-0#eng-# | ||
| 041 | _aeng | ||
| 044 | _aenk | ||
| 050 | 4 |
_aNK7144 _b.T83 1948 |
|
| 245 | 1 | 0 |
_aTudor domestic silver _cVictoria and Albert Museum. |
| 260 |
_aLondres _bMinistry of Education _c1948 |
||
| 300 |
_a3 p. _bil., 27 láminas _c18 cm. |
||
| 440 | 0 |
_aIts small picture book _v6 _919067 |
|
| 500 | _aU48 | ||
| 650 | 1 | 4 |
_aPlatería inglesa _97768 |
| 650 | 1 | 4 |
_aGalerías y museos _zInglaterra _919068 |
| 710 | 2 |
_aVictoria and Albert Museum (Londres) _919069 |
|
| 902 | _aGFM | ||
| 942 |
_2lcc _cB |
||
| 999 |
_c7385 _d7385 |
||